000
00287nam a22001217a 4500
008
170907b xxu||||| |||| 00| 0 eng d
041
_a
eng
080
_a
91
100
_a
42
101
_a
GJEO
245
_a
THE MARCH OF CIVILIZATION IN MAPS AND PICTURES
_c
HAMMOND,C.S
942
_2
udc
_c
BK
999
_c
26596
_d
26596